The creative managers pocketbook / (Record no. 568)

MARC details
000 -LEADER
fixed length control field 00729nam a2200241 a 4500
001 - CONTROL NUMBER
control field 568
005 - DATE AND TIME OF LATEST TRANSACTION
control field 20221127085954.0
008 - FIXED-LENGTH DATA ELEMENTS--GENERAL INFORMATION
fixed length control field 050920s lxxka 00000 eng d
020 ## - INTERNATIONAL STANDARD BOOK NUMBER
International Standard Book Number 1870471695 :
Terms of availability SR23.00
035 ## - SYSTEM CONTROL NUMBER
System control number 581
082 04 - DEWEY DECIMAL CLASSIFICATION NUMBER
Classification number 658.403
Item number T664 1998
100 1# - MAIN ENTRY--PERSONAL NAME
Personal name Townsend, John.
245 14 - TITLE STATEMENT
Title The creative managers pocketbook /
Statement of responsibility, etc. John Townsend, Jacques Favier.
250 ## - EDITION STATEMENT
Edition statement [2nd ed.].
260 ## - PUBLICATION, DISTRIBUTION, ETC.
Place of publication, distribution, etc. Alrestford, U.K. :
Name of publisher, distributor, etc. Management Pocketbooks,
Date of publication, distribution, etc. 1998.
300 ## - PHYSICAL DESCRIPTION
Extent 108 p. :
Other physical details ill. ;
Dimensions 11x15 cm.
440 #0 - SERIES STATEMENT/ADDED ENTRY--TITLE
Title Management pocketbook series.
500 ## - GENERAL NOTE
General note First published : 1991
650 #4 - SUBJECT ADDED ENTRY--TOPICAL TERM
Topical term or geographic name entry element Management creativity.
650 #4 - SUBJECT ADDED ENTRY--TOPICAL TERM
Topical term or geographic name entry element Problem solving.
650 #4 - SUBJECT ADDED ENTRY--TOPICAL TERM
Topical term or geographic name entry element Decision making.
700 1# - ADDED ENTRY--PERSONAL NAME
Personal name Favier, Jacques,
Relator term jt. auth.
Holdings
Withdrawn status Lost status Source of classification or shelving scheme Damaged status Not for loan Home library Current library Date acquired Total Checkouts Full call number Barcode Date last seen Copy number Price effective from Koha item type
              11/27/2022   658.403 T664 1998 10000000013470 11/27/2022 C3 11/27/2022 Book
          CENTRAL CENTRAL 11/27/2022   658.403 T664 1998 1000000001626 11/27/2022 C1 11/27/2022 Book
          CENTRAL CENTRAL 11/27/2022   658.403 T664 1998 1000000001625 11/27/2022 C2 11/27/2022 Book